00795cam a22002297a 4500003000500000005001700005008004100022010001000063011001000073035001000083040000900093082002100102110007900123245011500202260004200317300000900359490004600368650003900414650002900453650003700482830004600519CHAP20220817043119.0971010s1986 r 00010 d a66136 a67108 a76383 cCHAP a338.972bI5 Dgo. aInstituto Nacional de Estadística, Geografía e Informática. México 0aEstructura económica del estado de Durangob: producto interno bruto por entidad federativa 1970, 1975, 1980 aMéxico, D.F. :bEl Instituto,c1986 a58 p 0aSistema de cuentas nacionales de México14aDurangoxCondiciones económicas.14aDurangoxEstadísticas.14aProducto interno brutoxDurango.0 aSistema de cuentas nacionales de México